000 00593nam a2200169 a 4500
001 000038967
005 20201002031436.0
008 130509s2000 dr 000 0 spa d
040 _aDO-SdBNP
_bspa
_cBNPHU
100 1 _aSalazar, Manuel
_92454
245 1 0 _aReformas constitucionales y constituyentes en la historia dominicana /
_cManuel Salazar.
260 _aSanto Domingo :
_bMediabyte,
_c2000.
300 _a48 p. ;
_c22 cm.
500 _aIncluye datos biográficos del autor en la solapa de la cubierta
500 _aIncluye notas al pie de las páginas
504 _aBibliografía : p. 48
999 _c38457
_d38457